Logistika prodeje - prostředek snižování nákladů na distribuci

Výber priamej alebo nepriamej distribučnej stratégie. Náklady na distribúciu. Dôležité kritériá pri výbere varianty distribučnej stratégie.

Guardado en:
Detalles Bibliográficos
Autor principal: Gros, Ivan
Otros Autores: Grosová, Stanislava
Formato: Capítulo de libro
Lenguaje:checo
Materias:
Etiquetas: Agregar Etiqueta
Sin Etiquetas, Sea el primero en etiquetar este registro!

MARC

LEADER 00000naa a2200000 4500
001 r032602
005 20230522102301.6
041 0 |a cze 
044 |a CZ 
245 1 0 |a Logistika prodeje - prostředek snižování nákladů na distribuci  |c Ivan Gros, Stanislava Grosová 
520 |a Výber priamej alebo nepriamej distribučnej stratégie. Náklady na distribúciu. Dôležité kritériá pri výbere varianty distribučnej stratégie. 
610 2 0 |a distribúcia 
610 2 0 |a logistika 
610 2 0 |a znižovanie nákladov 
610 2 0 |a predaj 
610 2 0 |a rentabilita 
610 2 0 |a služby 
610 2 0 |a náklady 
610 2 0 |a reťazce logistické 
610 2 0 |a reťazce distribučné 
100 1 |a Gros, Ivan 
700 1 |a Grosová, Stanislava